Name the -Ology - Statistics

General Stats
  • This quiz has been taken 242 times
  • The average score is 14 of 22
Answer Stats
Study of Answer % Correct
Life Biology
93%
Animals Zoology
89%
The Heart Cardiology
88%
Weather Meteorology
88%
Zodiacs Astrology
87%
Rocks Geology
86%
The Mind Psychology
82%
Earthquakes Seismology
78%
Environment Ecology
70%
Social Problems Sociology
70%
Nervous System Neurology
69%
Past Human Life Archaeology
62%
Diseases Pathology
56%
Tumors Oncology
55%
Fossils Paleontology
55%
Poisons Toxicology
55%
Insects Entomology
52%
Physical Universe Cosmology
47%
Fungi Mycology
45%
Trees Dendrology
41%
Fish Ichthyology
40%
Measuring Time Horology
25%
No matching quizzes found
Score Distribution
Percent of People with Each Score
Percentile by Number Answered
Your Score History
You have not taken this quiz